000 00310nam a22001217a 4500
008 160503b xxu||||| |||| 00| 0 eng d
020 _a9780071448710
020 _a0071448713
041 _aeng
080 _a61
245 _aSurgery Clerkship:
_cMathew S. Kaufman;Latha G. Stead; Nitin Mishra;
942 _2udc
_cBK
999 _c1743
_d1743